00689nam a2200229Ia 4500003000900000008004100009040001300050040001300063041000800076100002400084245005200108250001100160260000800171260000900179300001200188300001000200490002100210490000600231942000700237999001700244952019800261IT-RoPAU120407s9999 xx 000 0 und d aIT-RoPAU cIT-RoPAU aita aRaffaele Cantarella aPoeti bizantini. Testo greco a fronte, 2 voll.  aMilano aBur c1992 a1106 p. c18 cm aClassici L 856-7 v1 cBK c24385d24385 00102ddc406276_85000000000000071aPAULUSbPAULUSd2012-04-11l0o276.85r2012-04-11 00:00:00w2012-04-11yBKzInserito da: LuigiG In data: 27 ottobre 2011 fondo: Via A.Severo 56 Progr:29385